Pays Champions du Monde (hommes et femmes) sports collectifs - Statistiques

Statistiques générales
  • Ce quiz a été pris 942 fois
  • Le résultat moyen est 34 sur 43
Statistiques - réponses
Réponse % Correct
France
100%
Allemagne
99%
Brésil
99%
Espagne
99%
Etats-Unis
99%
RFA
99%
Argentine
98%
Grande-Bretagne
98%
Italie
98%
Australie
96%
Canada
96%
Nouvelle-Zélande
96%
Angleterre
95%
Angleterre
95%
Afrique du Sud
94%
Suède
93%
Uruguay
93%
Japon
91%
Norvège
91%
Russie
90%
Danemark
87%
Chine
84%
Finlande
83%
Pologne
80%
Inde
77%
Pays-Bas
77%
Croatie
75%
Serbie
74%
URSS
74%
Belgique
71%
Hongrie
68%
Yougoslavie
67%
RF Yougoslavie
66%
Roumanie
63%
République Tchèque
62%
Grèce
61%
Slovaquie
60%
Corée du Sud
58%
Tchécoslovaquie
53%
Pakistan
50%
RDA
36%
Cuba
34%
Serbie-et-Monténégro
8%
Aucun quiz correspondant
Distribution des résultats
% des personnes avec chaque résultat
Percentile par nombre de réponses
Votre historique - résultats
Vous n’avez pas pris ce quiz